Estadísticas para Ciudades aleatorias del Reino Unido en un mapa

Haz click aquí para tomar la prueba!

Estadísticas generales

  • Esta prueba ha sido tomada 282 veces
  • La puntuación promedio es 3 de 10

Respuestas en el mapa

Las respuestas están codificadas por una escala verde-roja en el mapa de la prueba según el % correcto abajo.
 

Estadísticas de respuestas

Ciudad% Correcto
Londres
100%
Manchester
100%
Belfast
80%
Edimburgo
79%
Liverpool
75%
Cardiff
70%
Glasgow
63%
Bristol
54%
Newcastle upon Tyne
54%
Swansea
53%
Leeds
50%
Plymouth
40%
Dundee
38%
Aberdeen
36%
Birmingham
36%
Norwich
36%
Southampton
36%
Chester
33%
Nottingham
30%
Sheffield
30%
Sunderland
30%
Brighton & Hove
27%
Oxford
25%
Portsmouth
25%
York
25%
Bath
22%
Londonderry
22%
Coventry
20%
Truro
20%
Stoke-on-Trent
17%
Exeter
14%
Leicester
14%
Bradford
13%
Kingston upon Hull
13%
Newport
13%
Peterborough
13%
Cambridge
11%
Canterbury
11%
Derby
10%
Carlisle
9%
St David's and the
Cathedral Close
9%
Gloucester
8%
Salisbury
8%
Preston
7%
Wells
7%
Worcester
7%
Armagh
0%
Bangor
0%
Chelmsford
0%
Chichester
0%
Durham
0%
Ely
0%
Hereford
0%
Inverness
0%
Lancaster
0%
Lichfield
0%
Lincoln
0%
Lisburn
0%
Newry
0%
Perth
0%
Ripon
0%
Salford
0%
St Albans
0%
St Asaph
0%
Stirling
0%
Wakefield
0%
Westminster
0%
Winchester
0%
Wolverhampton
0%

Distribución de puntuación

Porcentaje por número respondido

Porcentaje de gente con cada puntuación

Historial de tus puntuaciones

No has tomado esta prueba